Catalog

Record Details

Catalog Search



Valperga, or, The life and adventures of ... Read More

Available copies

  • 1 of 1 copy available at LARL/NWRL Consortium.
  • 1 of 1 copy available at Lake Agassiz Regional Library. (Show preferred library)

Current holds

0 current holds with 1 total copy.

Show All Copies
Location Call Number / Copy Notes Barcode Shelving Location Status Due Date
Moorhead Public Library She (Text) 33500005922307 Main Available -

Record details

  • ISBN: 1551111446
  • Physical Description: 492 p. ; 22 cm.
  • Publisher: Peterborough, Ont. ; Broadview Press, c1998.

Content descriptions

Bibliography, etc. Note:
Includes bibliographical references (p. 489-492).
Subject: Castracani, Castruccio, 1281-1328 > Fiction.
Guelfs and Ghibellines > History > Fiction.
Italy > History > 1268-1492 > Fiction.
Lucca (Italy) > History > Fiction.
Condottieri > Fiction.
Genre: Historical fiction.
LDR 01369nam a2200373Ia 4500
00126309
003LARL_NWRL_CONSORTIUM
00519990524090625.0
008981218s1998 onc b 000 1 eng
020 . ‡a1551111446
035 . ‡a(OCoLC)40861891
043 . ‡ae-it---
08200. ‡a823/.7 ‡221
099 . ‡aShe
1001 . ‡aShelley, Mary Wollstonecraft, ‡d1797-1851. ‡0(LARL_NWRL_CONSORTIUM)57673
24510. ‡aValperga, or, The life and adventures of Castruccio, Prince of Lucca / ‡cMary Shelley ; edited by Tilottama Rajan.
24630. ‡aValperga
24630. ‡aLife and adventures of Castruccio, Prince of Lucca
260 . ‡aPeterborough, Ont. ; ‡aOrchard Park, NY : ‡bBroadview Press, ‡cc1998.
300 . ‡a492 p. ; ‡c22 cm.
4900 . ‡aBroadview literary texts
504 . ‡aIncludes bibliographical references (p. 489-492).
60010. ‡aCastracani, Castruccio, ‡d1281-1328 ‡vFiction.
650 0. ‡aGuelfs and Ghibellines ‡xHistory ‡vFiction.
651 0. ‡aItaly ‡xHistory ‡y1268-1492 ‡vFiction.
651 0. ‡aLucca (Italy) ‡xHistory ‡vFiction.
650 0. ‡aCondottieri ‡vFiction.
655 7. ‡aHistorical fiction. ‡2gsafd
7001 . ‡aRajan, Tilottama. ‡0(LARL_NWRL_CONSORTIUM)63611
901 . ‡a26309 ‡bOCLC ‡c26309 ‡tbiblio

Additional Resources